<?xml version="1.0" encoding="UTF-8"?>
<record
    xmlns:xsi="http://www.w3.org/2001/XMLSchema-instance"
    xsi:schemaLocation="http://www.loc.gov/MARC21/slim http://www.loc.gov/standards/marcxml/schema/MARC21slim.xsd"
    xmlns="http://www.loc.gov/MARC21/slim">

  <leader>01122nam a22001697a 4500</leader>
  <controlfield tag="008">140731b        xxu||||| |||| 00| 0 eng d</controlfield>
  <datafield tag="020" ind1=" " ind2=" ">
    <subfield code="a">9780273734802</subfield>
  </datafield>
  <datafield tag="050" ind1=" " ind2=" ">
    <subfield code="a">HD30.22.S58</subfield>
    <subfield code="b">1</subfield>
  </datafield>
  <datafield tag="100" ind1=" " ind2=" ">
    <subfield code="a">Sloman,John.</subfield>
  </datafield>
  <datafield tag="245" ind1=" " ind2=" ">
    <subfield code="a">Economics and the business environment. /</subfield>
  </datafield>
  <datafield tag="250" ind1=" " ind2=" ">
    <subfield code="a">3rd</subfield>
  </datafield>
  <datafield tag="260" ind1=" " ind2=" ">
    <subfield code="a">London;</subfield>
    <subfield code="b">Pearson,</subfield>
    <subfield code="c">2011.</subfield>
  </datafield>
  <datafield tag="300" ind1=" " ind2=" ">
    <subfield code="a">xxiii,386p.:</subfield>
    <subfield code="b">ills.;</subfield>
    <subfield code="c">24cm.</subfield>
  </datafield>
  <datafield tag="500" ind1=" " ind2=" ">
    <subfield code="a">Includes appendix and index.</subfield>
  </datafield>
  <datafield tag="505" ind1=" " ind2=" ">
    <subfield code="a">Contents: Introduction: Business and the economic environment -- Markets, demand and supply: The Working of competitive markets -- Demand and the consumer -- Supply decisions in a perfectly competitive markets -- The microeconomics  environment of business: Pricing and output decisions in imperfectly competitive markets -- Business growth and strategy -- Multinational corporations and business strategy in a global economy -- Labour and employment -- Government,the firm and the markets -- The Macroeconomic environment of business: -- The Economy and business activity -- National macroeconomic policy -- The Global trading environment -- The Global financial environment.</subfield>
  </datafield>
  <datafield tag="942" ind1=" " ind2=" ">
    <subfield code="2">lcc</subfield>
    <subfield code="c">BK</subfield>
  </datafield>
  <datafield tag="999" ind1=" " ind2=" ">
    <subfield code="c">3219</subfield>
    <subfield code="d">10719</subfield>
  </datafield>
  <datafield tag="952" ind1=" " ind2=" ">
    <subfield code="0">0</subfield>
    <subfield code="1">0</subfield>
    <subfield code="2">lcc</subfield>
    <subfield code="4">0</subfield>
    <subfield code="7">0</subfield>
    <subfield code="a">WIUC-1</subfield>
    <subfield code="b">WIUC-1</subfield>
    <subfield code="c">REF</subfield>
    <subfield code="d">2014-07-31</subfield>
    <subfield code="l">0</subfield>
    <subfield code="o">HD30.22.S58 1</subfield>
    <subfield code="p">7347/342/13</subfield>
    <subfield code="r">2014-07-31 00:00:00</subfield>
    <subfield code="t">1</subfield>
    <subfield code="w">2014-07-31</subfield>
    <subfield code="y">BK</subfield>
  </datafield>
</record>
